000 00648nam a2200205 i 4500
001 32757
003 ES-MaACL
005 20230906154629.0
007 t|
008 030131s1932 fr ||||1| fre d
100 1 _aBertram, Ernst.
_928489
245 1 0 _aNietzsche
_b: essai de mythologie /
_cErnst Bertram ; traduit de l'allemand par Robert Pitrou.
260 _aParís :
_bRieder,
_c1932.
300 _a468 p. ;
_c23 cm.
500 _aIndices.
600 1 4 _aNietzsche, Friedrich,
_d1844-1900-
_xCrítica e interpretación
_985721
700 1 _aPitrou, Robert.
_992421
852 _aES-MaACL
_jL-11706
_bR.113302
999 _c32757
_d32757